[Event "IND-ch U15 49th"]
[Site "Hosur"]
[Date "2024.11.04"]
[Round "2"]
[White "Raj, Shreyas"]
[Black "Aakash, G2."]
[Result "1/2-1/2"]
[WhiteElo "1821"]
[BlackElo "2320"]
[PlyCount "87"]
[EventDate "2024.11.03"]
[EventType "swiss"]
[EventRounds "11"]
[EventCountry "IND"]
[SourceTitle "CB45_2024"]
[Source "ChessBase"]
[SourceDate "2024.11.06"]
[SourceVersion "1"]
[SourceVersionDate "2024.11.06"]
[SourceQuality "1"]

1. c4 e6 2. Nc3 d5 3. d4 Nf6 4. cxd5 exd5 5. Bg5 Be7 6. e3 0-0 7. Bd3 Nbd7 8. Nge2 Re8 9. Qc2 Nf8 10. 0-0 h6 11. Bh4 c6 12. Rab1 Be6 13. b4 N6d7 14. Bg3 Nb6 15. b5 h5 16. bxc6 bxc6 17. h3 Bd6 18. Bxd6 Qxd6 19. Na4 Nxa4 20. Qxa4 Bd7 21. Rfc1 Ne6 22. Bf5 Rec8 23. Rb7 Rc7 24. Rxc7 Qxc7 25. Bxe6 fxe6 26. Nf4 h4 27. Qa3 Re8 28. Nd3 Rc8 29. Ne5 Be8 30. Qc5 Kh7 31. Rc3 Rb8 32. Rb3 Rxb3 33. axb3 Kg8 34. Nf3 Qb7 35. b4 Bg6 36. Nxh4 Be4 37. Nf3 Bxf3 38. gxf3 Qd7 39. Kg2 Kh7 40. e4 Qe8 41. e5 Qg6+ 42. Kh2 Qd3 43. Kg2 Qg6+ 44. Kh2 1/2-1/2

[Event "IND-ch U15 48th"]
[Site "Jalgaon"]
[Date "2023.12.28"]
[Round "3"]
[White "Samyak, Dharewa"]
[Black "Raj, Shreyas"]
[Result "1-0"]
[WhiteElo "1939"]
[BlackElo "1689"]
[PlyCount "33"]
[EventDate "2023.12.27"]
[EventType "swiss"]
[EventRounds "11"]
[EventCountry "IND"]
[SourceTitle "CBM 218 Extra"]
[Source "ChessBase"]
[SourceDate "2024.03.31"]
[SourceVersion "1"]
[SourceVersionDate "2024.03.31"]
[SourceQuality "1"]

1. e4 c5 2. Nf3 d6 3. d4 cxd4 4. Nxd4 Nf6 5. Nc3 Nc6 6. Bg5 g6 7. Bxf6 exf6 8. Bc4 a6 9. 0-0 Bg7 10. Nde2 0-0 11. Qd2 f5 12. Rad1 fxe4 13. Nxe4 Bxb2 14. c3 Ba3 15. Qh6 Re8 16. Ng5 Ne5 17. Bxf7+ 1-0